01607nam a22002537a 4500008004100000020001800041037001500059040003500074041000800109082002200117100003600139245006100175264004800236300003000284500005200314505006900366520063500435650003201070650003201102650003201134700003301166999001701199952013701216240212t20012005ck gr 000 0 spa d a9789587043358 3Donación aCO-JMCRcCO-JMCRdCO-JMCRerda aspa 223a301.158bM71a aMolano, Alfredo, eautor942083 aAguas arriba :bentre la coca y el oro /cAlfredo Molano aBogotá : bEl Ancora Editores , c©2005 a227 páginas ; c17 cm.  aIncluye glosario -- mapa de Vichada y Guainía a1. Chispas, el cabo -- 2. Mauricio -- 3. La Gata -- 4. El Joyero a"No muy lejanas a las aventuras y desventuras de los viajeros españoles del siglo XVI los territorios agrestes y la sed de oro no han variado un ápice, estas crónicas escritas por Molano a partir del testimonio de los propios protagonistas y de su experiencia en tierras de colonos, resultan tan apasionantes como desgarradoras. Con una pluma ágil y brillante, Molano nos adentra en tierras recónditas, en un mundo en buena parte sin Estado, sin sistemas judiciales definidos, donde las normas de convivencia se imponen ya sea espontáneamente o por la fuerza. Un mundo duro, donde sobrevivir no es una tarea sencilla". zGuainía (Colombia)943357 zGuainía (Colombia)943358 zGuainía (Colombia)943359 aMelo, Jorge Orlando, 911481 c30558d16942 00104070aCPLbCPLcGENd2022-02-23eDonaciónl1o301.158 M71ap201811482r2024-07-22 15:53:39s2024-07-22tEj.1w2024-02-12yBK